Word Ladder: 6-Letters Ending in R Quiz Stats

 Plays Quiz Updated Feb 1, 2013

Support Sporcle.
Go Orange.
Score 0/12 Timer 01:30
1 Play Today
Clue 6-Letter Word % Correct
More good thanBETTER
98.1%
The pitter-_____ of rain on the roofPATTER
97.3%
A cake's startBATTER
95.8%
Club used when on the greenPUTTER
94.1%
Anything with mass has thisMATTER
87.8%
Former CBS News anchor Dan ______RATHER
72.5%
Suds from soapLATHER
71.7%
One who tattles onRATTER
59.1%
Brad who beat Ken Jennings on Jeopardy!RUTTER
54.2%
One who puts money on a horse raceBETTOR
50.1%
More nimble thanLITHER
41.9%
A word of choiceEITHER
23.9%

Today's Daily Dose

You're not logged in!

Compare scores with friends on all Sporcle quizzes.
OR
Log In

From the Vault

50 Hits to Click: 1991

by caramba

Ah, the early '90s where the voices were big and the hair was bigger.
Remove Ads.
Support Sporcle.
Get the best of Sporcle when you Go Orange. This ad-free experience offers more features, more stats, and more fun while also helping to support Sporcle. Thank you for becoming a member.

Show Comments

Extras

Top Quizzes Today


Score Distribution

Your Account Isn't Verified!

In order to create a playlist on Sporcle, you need to verify the email address you used during registration. Go to your Sporcle Settings to finish the process.

Report this User

Report this user for behavior that violates our Community Guidelines.

Details: